000 00549nam a2200169 a 4500
001 000037597
005 20240510073817.0
008 111019s1957 do 0 0000 0 spa d
040 _aDO-SdBNP
_bspa
_cBNPHU
082 _a100
_bP769p
100 1 _aPolitzer, Georges,
_d1903-1942
_960180
245 1 0 _aPrincipios elementales de filosofía /
_cGeorges Politzer ;traducción Alfredo Varela.
260 _aSanto Domingo :
_bLibreria Nacional,
_c[195?].
300 _a246 p. ;
_c21 cm.
650 0 _aFilosofía
_9813
700 1 _aVarela, Alfredo
_etr.
_964071
999 _c37087
_d37087